[Event "18.int.Seniorenturnier Bad Woerishofen"]
[Site "Veranstalter: chessorg"]
[Date "2002.03.09"]
[Round "3"]
[White "Janssen, Helmut_35Itze"]
[Black "Maassen, Hermann"]
[Result "1-0"]
[WhiteElo "1878"]
[BlackElo "1701"]
[PlyCount "127"]
[EventDate "2002.03.??"]

1. e4 e6 2. d4 d5 3. Nc3 Bb4 4. e5 c5 5. a3 Ba5 6. Nf3 Nc6 7. Bb5 Nge7 8. O-O
a6 9. Bxc6+ Nxc6 10. dxc5 Bxc3 11. bxc3 Qc7 12. Re1 O-O 13. Qd3 h6 14. Bf4 Ne7
15. Be3 Bd7 16. Bd4 Bb5 17. Qd1 Ba4 18. Rb1 a5 19. Rb2 Ra6 20. Qe2 Ng6 21. Reb1
Bc6 22. g3 Qe7 23. h4 f6 24. Re1 f5 25. Qd3 Be8 26. Reb1 Bc6 27. Kg2 Qf7 28.
Kh3 Nh8 29. Kg2 Qh5 30. Rh1 f4 31. Rh3 Ng6 32. Nh2 fxg3 33. fxg3 Nxe5 34. Qe3
Nc4 35. Qxe6+ Kh8 36. g4 Qf7 37. Qxf7 Rxf7 38. Ra2 Nd2 39. Nf3 Ne4 40. Ne5 Rf6
41. Rb2 Kg8 42. Nxc6 Raxc6 43. Rxb7 Rg6 44. Kf3 Nd2+ 45. Kf4 Rce6 46. Re3 Rxe3
47. Kxe3 Nc4+ 48. Kf4 Nxa3 49. Rb6 Kf7 50. Rxg6 Kxg6 51. c6 Nb5 52. Bb6 a4 53.
c7 Nd6 54. Bc5 Nc8 55. Ke5 h5 56. g5 Kf7 57. Kxd5 g6 58. Kc6 Ke6 59. c4 Kf5 60.
Kd7 a3 61. Bxa3 Nb6+ 62. Kd8 Kg4 63. c5 Nc8 64. Kxc8 1-0

[Event "18.int.Seniorenturnier Bad Woerishofen"]
[Site "Veranstalter: chessorg"]
[Date "2002.03.09"]
[Round "3"]
[White "Kahler, Kurt"]
[Black "Scheidt, Eugen"]
[Result "1/2-1/2"]
[WhiteElo "1727"]
[BlackElo "1790"]
[PlyCount "24"]
[EventDate "2002.03.??"]

1. e4 e6 2. d4 d5 3. Be3 b6 4. e5 c5 5. c3 Bb7 6. f4 Nh6 7. Bd3 Nf5 8. Bxf5
exf5 9. Nf3 Be7 10. Nbd2 O-O 11. Ng5 h6 12. h4 Qd7 1/2-1/2

[Event "18.int.Seniorenturnier Bad Woerishofen"]
[Site "Veranstalter: chessorg"]
[Date "2002.03.09"]
[Round "3"]
[White "Kaiser, Hans_35BGladb"]
[Black "Reinke, Kurt_39Benr"]
[Result "0-1"]
[WhiteElo "1619"]
[BlackElo "1887"]
[PlyCount "110"]
[EventDate "2002.03.??"]

1. d4 d5 2. Nc3 Nf6 3. Bg5 e6 4. Qd3 c6 5. e4 dxe4 6. Nxe4 Be7 7. Bxf6 Bxf6 8.
Nxf6+ Qxf6 9. Nf3 O-O 10. O-O-O Nd7 11. Qe3 Nb6 12. Qg5 Qxg5+ 13. Nxg5 Bd7 14.
Bd3 h6 15. Nf3 Rad8 16. c4 Bc8 17. Rhe1 Nd7 18. Ne5 Nf6 19. h3 Nd7 20. Nf3 b6
21. Re3 Bb7 22. Kc2 c5 23. Be4 Bxe4+ 24. Rxe4 Nf6 25. Re3 cxd4 26. Nxd4 Rc8 27.
Kb3 Nd7 28. Nxe6 fxe6 29. Rxd7 Rxf2 30. Rg3 Rf7 31. Rgd3 Rc7 32. Rxf7 Kxf7 33.
Kb4 Ke7 34. a4 Rc5 35. Rg3 a5+ 36. Kc3 g5 37. b4 axb4+ 38. Kxb4 e5 39. h4 e4
40. hxg5 hxg5 41. Kc3 Kf6 42. Kd4 Kf5 43. Rb3 Re5 44. a5 bxa5 45. c5 a4 46. Re3
Re8 47. c6 Rd8+ 48. Kc5 Kf4 49. Ra3 e3 50. Rxa4+ Kg3 51. Re4 Kf2 52. g4 e2 53.
c7 Rc8 54. Kd6 e1=Q 55. Rxe1 Kxe1 0-1

[Event "18.int.Seniorenturnier Bad Woerishofen"]
[Site "Veranstalter: chessorg"]
[Date "2002.03.09"]
[Round "3"]
[White "Koenigl, Anton"]
[Black "Block, Herbert"]
[Result "1-0"]
[WhiteElo "1827"]
[BlackElo "1485"]
[PlyCount "67"]
[EventDate "2002.03.??"]

1. e4 e5 2. d4 exd4 3. c3 dxc3 4. Nxc3 Bb4 5. Bc4 Bxc3+ 6. bxc3 Qe7 7. Qe2 d6
8. h3 h6 9. Nf3 c6 10. O-O Nd7 11. a4 Ngf6 12. e5 Nxe5 13. Nxe5 dxe5 14. Ba3
Qc7 15. Rad1 c5 16. Qe3 b6 17. Rfe1 O-O 18. Qxe5 Qxe5 19. Rxe5 Bb7 20. Re7 Bc6
21. a5 b5 22. Ba2 c4 23. Rc7 Rfc8 24. Bd6 Rxc7 25. Bxc7 Re8 26. f4 Nd5 27. Be5
a6 28. Bb1 f6 29. Bg6 Re7 30. Bb8 Re3 31. Kf2 Re7 32. Rd4 Rd7 33. Bf5 Re7 34.
Be4 1-0

[Event "18.int.Seniorenturnier Bad Woerishofen"]
[Site "Veranstalter: chessorg"]
[Date "2002.03.09"]
[Round "3"]
[White "Krueger, Manfred_34Nied"]
[Black "Niebaum, Karl"]
[Result "0-1"]
[WhiteElo "1446"]
[BlackElo "1799"]
[PlyCount "78"]
[EventDate "2002.03.??"]

1. e4 d5 2. exd5 Qxd5 3. Nc3 Qa5 4. Nf3 Bg4 5. Be2 Nf6 6. d3 e6 7. Bd2 c6 8.
Ne4 Qd8 9. h3 Bxf3 10. Bxf3 Nbd7 11. Bc3 Be7 12. Qd2 O-O 13. Qf4 Nd5 14. Qg3
Nxc3 15. Nxc3 Nf6 16. Be2 Bd6 17. Qf3 Qb6 18. Nd1 Rfe8 19. O-O e5 20. Qe3 Bc5
21. Qd2 Rad8 22. a3 e4 23. b4 Bd4 24. c3 e3 25. fxe3 Bxe3+ 26. Nxe3 Rxe3 27.
Kh1 Ne4 28. Qe1 Ng3+ 29. Kh2 Nxe2 30. Qf2 Qc7+ 31. Kh1 Ng3+ 32. Kg1 Nxf1 33.
Rxf1 Rde8 34. Qd2 Re2 35. Qg5 h6 36. Qg4 Qe7 37. Qf3 Re1 38. d4 Rxf1+ 39. Qxf1
Qe1 0-1

[Event "18.int.Seniorenturnier Bad Woerishofen"]
[Site "Veranstalter: chessorg"]
[Date "2002.03.09"]
[Round "3"]
[White "Kuhn, Arno_29Ludw"]
[Black "Plasswich, Heribert"]
[Result "0-1"]
[WhiteElo "1532"]
[BlackElo "1798"]
[PlyCount "78"]
[EventDate "2002.03.??"]

1. d4 f5 2. f4 Nf6 3. Nf3 e6 4. c3 Be7 5. e3 O-O 6. Bd3 b6 7. Nbd2 Ne4 8. h3
Bh4+ 9. Ke2 Nf2 10. Qf1 Nxh1 11. Qxh1 Bb7 12. b3 d6 13. c4 Bf6 14. Ba3 c5 15.
Rf1 Nd7 16. g4 Be7 17. g5 Qc7 18. h4 e5 19. fxe5 dxe5 20. dxe5 Nxe5 21. Bb2
Nxd3 22. Kxd3 Rad8+ 23. Ke2 Qd6 24. Bc1 Qd3+ 25. Kf2 f4 26. Re1 Bd6 27. e4 Rfe8
28. Qf1 Qc2 29. Re2 Qd3 30. Qe1 Be5 31. Qh1 Bd4+ 32. Nxd4 Qg3+ 33. Kf1 cxd4 34.
Qf3 Qxf3+ 35. Nxf3 Bxe4 36. Ne1 d3 37. Rf2 f3 38. Bd2 Bg6 39. Nxf3 Bh5 0-1

[Event "18.int.Seniorenturnier Bad Woerishofen"]
[Site "Veranstalter: chessorg"]
[Date "2002.03.09"]
[Round "3"]
[White "Kuhnert, Werner"]
[Black "Hoeppner, Hans_18Nog"]
[Result "0-1"]
[WhiteElo "1200"]
[BlackElo "1599"]
[PlyCount "86"]
[EventDate "2002.03.??"]

1. e4 e6 2. Nf3 Ne7 3. d4 Ng6 4. Bd3 Nh4 5. Nxh4 Qxh4 6. Nd2 d6 7. Nf3 Qd8 8.
e5 Be7 9. c3 Nd7 10. Bb5 c6 11. Bd3 O-O 12. O-O f5 13. Bc4 Nb6 14. Bd3 Nd7 15.
Bc4 d5 16. Bd3 a5 17. Bd2 c5 18. Qc1 c4 19. Bc2 Rf7 20. Bg5 Nf8 21. Bxe7 Rxe7
22. Ng5 b5 23. a3 Bd7 24. Bd1 Be8 25. f4 Bg6 26. Be2 Qb6 27. Qd2 Rb8 28. Rab1
Reb7 29. Bf3 Qd8 30. Rfc1 Qe7 31. Qc2 b4 32. axb4 h6 33. Nh3 axb4 34. b3 bxc3
35. Qxc3 Rxb3 36. Rxb3 Rxb3 37. Qa1 Qb4 38. Nf2 Qd2 39. g3 Rxf3 40. Rf1 c3 41.
Qe1 Bh5 42. g4 fxg4 43. Ne4 dxe4 0-1

[Event "18.int.Seniorenturnier Bad Woerishofen"]
[Site "Veranstalter: chessorg"]
[Date "2002.03.09"]
[Round "3"]
[White "Lamberger, Werner_39Oest"]
[Black "Schumacher, Horst"]
[Result "1-0"]
[WhiteElo "1606"]
[BlackElo "1787"]
[PlyCount "49"]
[EventDate "2002.03.??"]

1. e4 d5 2. exd5 Nf6 3. Bb5+ Bd7 4. Bc4 Bg4 5. Nf3 Nbd7 6. Nc3 Nb6 7. h3 Bxf3
8. Qxf3 Nxc4 9. d3 Nd6 10. O-O Qd7 11. Re1 O-O-O 12. a4 h5 13. Qe3 b6 14. Nb5
Nxb5 15. axb5 Nxd5 16. Qf3 Kb8 17. c4 Nb4 18. Qd1 c5 19. Bf4+ Ka8 20. Qf3+ Qb7
21. Rxa7+ Kxa7 22. Ra1+ Na6 23. Rxa6+ Qxa6 24. bxa6 Rd7 25. Qc6 1-0

[Event "18.int.Seniorenturnier Bad Woerishofen"]
[Site "Veranstalter: chessorg"]
[Date "2002.03.09"]
[Round "3"]
[White "Liszka, Guenter"]
[Black "Alefs, Heinz"]
[Result "1/2-1/2"]
[WhiteElo "1792"]
[BlackElo "1667"]
[PlyCount "62"]
[EventDate "2002.03.??"]

1. e4 c5 2. Nf3 e6 3. d4 cxd4 4. Nxd4 a6 5. c4 Qc7 6. Nc3 Nf6 7. a3 Nc6 8. Be2
Nxd4 9. Qxd4 Bc5 10. Qd3 O-O 11. O-O h6 12. Qf3 Be7 13. b4 b6 14. Bf4 d6 15.
Qg3 Kh7 16. e5 dxe5 17. Bxe5 Qd8 18. Rad1 Qe8 19. Ne4 Bb7 20. Nxf6+ Bxf6 21.
Bd3+ Kh8 22. Bxf6 gxf6 23. Qh4 Kg7 24. Rde1 Qd8 25. Re3 f5 26. Rg3+ Kh7 27. Qf4
Rg8 28. Rd1 Qe7 29. Rxg8 Rxg8 30. Bf1 Rg4 31. Qc1 Qc7 1/2-1/2

[Event "18.int.Seniorenturnier Bad Woerishofen"]
[Site "Veranstalter: chessorg"]
[Date "2002.03.09"]
[Round "3"]
[White "Marzluf, Dieter"]
[Black "Schafroth, Georg"]
[Result "1-0"]
[WhiteElo "1834"]
[BlackElo "1422"]
[PlyCount "65"]
[EventDate "2002.03.??"]

1. d4 Nf6 2. Bg5 e6 3. e4 Be7 4. Bxf6 Bxf6 5. e5 Be7 6. Qg4 O-O 7. Bd3 h6 8. h4
d6 9. Qe4 g6 10. h5 d5 11. Qg4 g5 12. Qe2 Nc6 13. c3 Bd7 14. Bc2 f5 15. exf6
Bxf6 16. Nd2 Rf7 17. O-O-O Qe7 18. Rh3 e5 19. Re3 e4 20. f3 Bf5 21. fxe4 dxe4
22. Nxe4 Qd7 23. Bb3 Kg7 24. Bxf7 Bg4 25. Nf3 Qxf7 26. Nxf6 Kxf6 27. d5 Rd8 28.
dxc6 Rxd1+ 29. Kxd1 Qxa2 30. Ke1 Qd5 31. cxb7 Qxb7 32. Qd2 Qc8 33. Qd4+ 1-0

[Event "18.int.Seniorenturnier Bad Woerishofen"]
[Site "Veranstalter: chessorg"]
[Date "2002.03.09"]
[Round "3"]
[White "Michalowski, Richard"]
[Black "Gensbaur, Viktor"]
[Result "1/2-1/2"]
[WhiteElo "1521"]
[BlackElo "1793"]
[PlyCount "46"]
[EventDate "2002.03.??"]

1. c4 Nf6 2. d4 e5 3. d5 Bc5 4. e3 d6 5. Qc2 O-O 6. Bd3 Re8 7. Nc3 Nbd7 8. Bd2
Nf8 9. Nge2 Qe7 10. Ng3 Bd7 11. O-O Bb4 12. Nce4 Bxd2 13. Nxd2 b6 14. b4 a5 15.
b5 Qd8 16. a4 Bc8 17. f3 Kh8 18. Rf2 N6d7 19. Nb3 Qg5 20. Qd2 g6 21. f4 exf4
22. exf4 Qf6 23. Raf1 Qg7 1/2-1/2

[Event "18.int.Seniorenturnier Bad Woerishofen"]
[Site "Veranstalter: chessorg"]
[Date "2002.03.09"]
[Round "3"]
[White "Narr, Irmgard"]
[Black "Dunkel, Horst_38Memm"]
[Result "0-1"]
[WhiteElo "1290"]
[BlackElo "1580"]
[PlyCount "140"]
[EventDate "2002.03.??"]

1. e4 e5 2. Nf3 Nf6 3. Nc3 Nc6 4. d4 Bb4 5. Bd2 exd4 6. Nxd4 Nxd4 7. a3 Ba5 8.
b4 Bb6 9. Bg5 h6 10. Bh4 Qe7 11. Bd3 Qe5 12. O-O d6 13. Qe1 O-O 14. Kh1 Ng4 15.
f4 Qh5 16. Nd5 c6 17. Ne7+ Kh8 18. h3 Nf6 19. c3 Bd8 20. Bxf6 gxf6 21. Nxc8
Rxc8 22. cxd4 Rg8 23. Ra2 Bb6 24. Be2 Qg6 25. Bg4 Rce8 26. Bf5 Qg7 27. Qd2 Qg3
28. Rf3 Qh4 29. Kh2 a6 30. Qd3 Ba7 31. g3 Qh5 32. Rg2 Bxd4 33. h4 d5 34. Kh3
dxe4 35. Bxe4 Qg4+ 36. Kh2 Rd8 37. Qb3 f5 38. Bc2 Rd5 39. Rf1 Qg7 40. Qb1 Bf6
41. h5 Rgd8 42. Bxf5 Rd2 43. Be4 Rxg2+ 44. Bxg2 Qg4 45. Qc2 Qxh5+ 46. Bh3 Qd5
47. Bg2 Qd3 48. Qc5 Kg7 49. Qh5 Qe3 50. Qg4+ Kf8 51. Qh5 Bg7 52. a4 Rd3 53. Rf3
Qe2 54. Rxd3 Qxh5+ 55. Kg1 Qe2 56. Bf1 Qe1 57. b5 axb5 58. axb5 cxb5 59. Kg2 b4
60. Rf3 Bc3 61. Bc4 Qe4 62. Bd3 Qd5 63. Be2 b3 64. Bd3 b2 65. Bc2 Qd2+ 66. Rf2
Qd1 67. Rf1 Qd5+ 68. Rf3 Be1 69. Bd3 Qxd3 70. Rxd3 b1=Q 0-1

[Event "18.int.Seniorenturnier Bad Woerishofen"]
[Site "Veranstalter: chessorg"]
[Date "2002.03.09"]
[Round "3"]
[White "Thonig, Manfred"]
[Black "Fels, Karl_Heinz"]
[Result "0-1"]
[WhiteElo "1603"]
[BlackElo "1838"]
[PlyCount "132"]
[EventDate "2002.03.??"]

1. f4 d5 2. b3 Nf6 3. Nf3 e6 4. e3 c5 5. Bb2 Be7 6. Bb5+ Bd7 7. Bxd7+ Nbxd7 8.
Ne5 O-O 9. O-O Nxe5 10. fxe5 Nd7 11. Qg4 b5 12. d4 c4 13. Nd2 c3 14. Bxc3 Rc8
15. Nb1 b4 16. Bd2 Rxc2 17. e4 Qb6 18. Bh6 Qxd4+ 19. Kh1 Qxe5 20. Nd2 f5 21.
Qd1 Rc6 22. Bf4 Qd4 23. exd5 Qxd5 24. Qe1 e5 25. Be3 Bc5 26. Bxc5 Rxc5 27. Nc4
a5 28. Rd1 Qe6 29. Rd6 Qe7 30. Qd2 Rf7 31. Rd1 Nf6 32. Qg5 e4 33. Qe3 Qc7 34.
Rd8+ Rf8 35. R8d6 h6 36. Qg3 Kh7 37. Qf4 g5 38. Qe3 Rf7 39. Qd4 Ne8 40. Rd8 Re7
41. Kg1 f4 42. Kf1 Rf5 43. Re1 Qc6 44. Nd6 Rd5 45. Rxe4 Rxd4 46. Rxe7+ Ng7 47.
Rxg7+ Kxg7 48. Nf5+ Kf6 49. Nxd4 Qc1+ 50. Ke2 Qe3+ 51. Kd1 Qg1+ 52. Kd2 Qxg2+
53. Kd3 Qxh2 54. Rd6+ Kf7 55. Nf5 Qh3+ 56. Ke4 Qg2+ 57. Ke5 Qe2+ 58. Kd5 Qd3+
59. Ke5 Qc3+ 60. Kd5 h5 61. Rd7+ Ke8 62. Re7+ Kd8 63. Ra7 f3 64. Ra8+ Kc7 65.
Ne7 Qd3+ 66. Kc5 Qd6+ 0-1

[Event "18.int.Seniorenturnier Bad Woerishofen"]
[Site "Veranstalter: chessorg"]
[Date "2002.03.09"]
[Round "3"]
[White "Tochtermann, Georg_Dr"]
[Black "Gestrich, Wolfgang_ProfDr"]
[Result "1-0"]
[WhiteElo "1828"]
[BlackElo "1595"]
[PlyCount "71"]
[EventDate "2002.03.??"]

1. e4 d6 2. c4 e5 3. Nc3 Nf6 4. g3 Bg4 5. Qb3 b6 6. h3 Bd7 7. Bg2 c6 8. Nge2 g6
9. O-O Be7 10. d3 h5 11. f4 exf4 12. Bxf4 Be6 13. Nd4 Qd7 14. Nxe6 Qxe6 15. d4
Qd7 16. Rae1 O-O 17. Qd1 Nh7 18. e5 dxe5 19. Bxe5 f6 20. Bxb8 Raxb8 21. d5 c5
22. h4 Bd6 23. Qd3 Kg7 24. Re6 Rbe8 25. Bh3 Qd8 26. Kg2 Rxe6 27. dxe6 Be5 28.
Qxd8 Rxd8 29. Nd5 f5 30. Re1 Bf6 31. Kf2 Re8 32. Bg2 Bd4+ 33. Kf1 Bxb2 34. Nf4
Kf6 35. Bc6 Re7 36. Nd5+ 1-0

[Event "18.int.Seniorenturnier Bad Woerishofen"]
[Site "Veranstalter: chessorg"]
[Date "2002.03.09"]
[Round "3"]
[White "Turboust, Roger"]
[Black "Winkler, Hans"]
[Result "1/2-1/2"]
[WhiteElo "1752"]
[BlackElo "1668"]
[PlyCount "87"]
[EventDate "2002.03.??"]

1. e4 c5 2. c4 Nc6 3. Nf3 d6 4. Nc3 Bg4 5. Be2 e6 6. h3 Bxf3 7. Bxf3 Nge7 8. d3
g6 9. Bg5 Bg7 10. Qd2 h6 11. Be3 Nd4 12. Bd1 Nec6 13. O-O a6 14. f4 b5 15. Rc1
b4 16. Ne2 f5 17. Ng3 O-O 18. Kh1 Kh7 19. Ba4 Qa5 20. Bxc6 Nxc6 21. b3 Bc3 22.
Qf2 Qd8 23. Ne2 Bb2 24. Rc2 Bg7 25. Rd1 e5 26. exf5 Rxf5 27. g4 Rf8 28. Qg3 Ra7
29. Rg1 Raf7 30. Rg2 exf4 31. Bxf4 Be5 32. Bxe5 Nxe5 33. Ng1 Qa8 34. Kh2 Qd8
35. Rgf2 Qe7 36. Kg2 Qb7+ 37. Kf1 Qe7 38. Rce2 Rxf2+ 39. Rxf2 Rxf2+ 40. Kxf2
Qf6+ 41. Ke2 Nc6 42. Nf3 Qb2+ 43. Nd2 Qf6 44. Qf3 1/2-1/2

[Event "18.int.Seniorenturnier Bad Woerishofen"]
[Site "Veranstalter: chessorg"]
[Date "2002.03.09"]
[Round "3"]
[White "Vorderbruegge, Franz_Josef"]
[Black "Ruth, Walter"]
[Result "1/2-1/2"]
[WhiteElo "1761"]
[BlackElo "1855"]
[PlyCount "48"]
[EventDate "2002.03.??"]

1. d4 Nf6 2. c4 e6 3. Nf3 b6 4. g3 Ne4 5. Bg2 Bb4+ 6. Bd2 Nxd2 7. Nfxd2 c6 8.
Nc3 O-O 9. O-O d5 10. Rc1 Bb7 11. Qb3 Qe7 12. a3 Bd6 13. Nf3 -- 14. Rfe1 dxc4
15. Qxc4 c5 16. Qd3 cxd4 17. Qxd4 Nc6 18. Qh4 Qxh4 19. Nxh4 Be7 20. Nf3 Bf6 21.
Red1 Rad8 22. e3 Na5 23. Nd2 Bxg2 24. Kxg2 Rc8 1/2-1/2

[Event "18.int.Seniorenturnier Bad Woerishofen"]
[Site "Veranstalter: chessorg"]
[Date "2002.03.09"]
[Round "3"]
[White "Weber, Gerhard_Dr_34Lev"]
[Black "Rueggeberg, Wilhelm"]
[Result "0-1"]
[WhiteElo "1847"]
[BlackElo "1798"]
[PlyCount "104"]
[EventDate "2002.03.??"]

1. e4 c5 2. Nf3 Nc6 3. d4 cxd4 4. Nxd4 Nf6 5. Nc3 d6 6. Bc4 e6 7. Be3 a6 8. O-O
Be7 9. h3 Qc7 10. Qe2 Bd7 11. a3 Rc8 12. Bd3 Ne5 13. Rac1 O-O 14. Nb1 Nc4 15.
Bxc4 Qxc4 16. Qxc4 Rxc4 17. Nd2 Rc7 18. c3 h6 19. Kh2 Rfc8 20. f4 e5 21. Nf5
Bxf5 22. fxe5 Nxe4 23. Rxf5 Nxd2 24. Bxd2 dxe5 25. Kh1 f6 26. Re1 Rd7 27. Be3
Bc5 28. Bxc5 Rxc5 29. Rf2 Rcd5 30. Ree2 b5 31. Kh2 Kf7 32. Re4 Ke6 33. c4 Rd2
34. Rxd2 Rxd2 35. cxb5 axb5 36. Rb4 Rd5 37. b3 f5 38. a4 bxa4 39. bxa4 f4 40.
Rb6+ Rd6 41. Rb7 g5 42. a5 e4 43. Kg1 Kd5 44. Kf2 e3+ 45. Kf3 Kc5 46. Rb2 Ra6
47. h4 Rxa5 48. hxg5 hxg5 49. g3 Ra4 50. Rb8 fxg3 51. Kxg3 Rf4 52. Rd8 Re4 0-1

[Event "18.int.Seniorenturnier Bad Woerishofen"]
[Site "Veranstalter: chessorg"]
[Date "2002.03.09"]
[Round "3"]
[White "Wohlfart, Karl_Heinz"]
[Black "Wendel, Walter"]
[Result "1-0"]
[WhiteElo "1699"]
[BlackElo "1413"]
[PlyCount "127"]
[EventDate "2002.03.??"]

1. Nf3 Nf6 2. g3 d5 3. Bg2 c6 4. O-O e6 5. d3 Be7 6. Nbd2 Nbd7 7. e4 dxe4 8.
dxe4 Nf8 9. Qe2 Ng6 10. a3 O-O 11. e5 Nd7 12. Re1 Qc7 13. Nf1 b6 14. h4 Rd8 15.
h5 Nh8 16. N1h2 f5 17. exf6 Nxf6 18. Nh4 Rb8 19. Bf4 Bd6 20. Bg5 Rf8 21. Rad1
h6 22. Bc1 Bd7 23. Rxd6 Qxd6 24. Bf4 Qc5 25. Bxb8 Rxb8 26. Bf3 Rf8 27. Rd1 Qe7
28. Nf5 Qc5 29. Nh4 Rf7 30. Ng4 Qe7 31. Ne5 c5 32. Nxf7 Kxf7 33. Qe5 Bb5 34.
Qb8 Ne8 35. Qe5 Qf6 36. Qxf6+ gxf6 37. b3 Ke7 38. c4 Bd7 39. Kg2 f5 40. Ng6+
Nxg6 41. hxg6 Nf6 42. Rh1 Ng8 43. Re1 Be8 44. Bd5 Bd7 45. f4 Kf8 46. Rd1 Ke7
47. Bf3 Nf6 48. Rh1 Ng8 49. g7 Kf6 50. Rd1 Ke7 51. b4 Ba4 52. Rd2 Be8 53. bxc5
bxc5 54. Rb2 Nf6 55. Rb7+ Bd7 56. Rxa7 Kf7 57. Bc6 Kxg7 58. Bxd7 Ne4 59. -- Kf6
60. Be8 Nd6 61. Bb5 e5 62. Ra6 Ke7 63. fxe5 Ne4 64. Rxh6 1-0

[Event "18.int.Seniorenturnier Bad Woerishofen"]
[Site "Veranstalter: chessorg"]
[Date "2002.03.09"]
[Round "3"]
[White "Zacharias, Helmut"]
[Black "Zohr, Adelbert"]
[Result "0-1"]
[WhiteElo "1435"]
[BlackElo "1762"]
[PlyCount "46"]
[EventDate "2002.03.??"]

1. d4 Nf6 2. g3 d5 3. Bg2 e6 4. e4 dxe4 5. f3 exf3 6. Nxf3 c5 7. O-O Nc6 8. c3
Be7 9. Re1 O-O 10. Bf4 Qb6 11. b3 Rd8 12. Nbd2 cxd4 13. Nc4 Qc5 14. Qd3 dxc3+
15. Kh1 Rxd3 16. Nfe5 Nxe5 17. Rxe5 Qd4 18. Be3 Rd1+ 19. Rxd1 Qxd1+ 20. Bg1 Ng4
21. h3 Nxe5 22. Nxe5 Bc5 23. Nf3 c2 0-1

[Event "18.int.Seniorenturnier Bad Woerishofen"]
[Site "Veranstalter: chessorg"]
[Date "2002.03.10"]
[Round "4"]
[White "Alicke, Manfred"]
[Black "Meyer, Walter_34Henn"]
[Result "1/2-1/2"]
[WhiteElo "1571"]
[BlackElo "1745"]
[PlyCount "73"]
[EventDate "2002.03.??"]

1. d4 Nf6 2. c4 e6 3. Nc3 d5 4. Bg5 Be7 5. e3 h6 6. Bh4 O-O 7. Bd3 Nbd7 8. Nf3
c5 9. O-O cxd4 10. exd4 b6 11. Re1 Bb7 12. h3 Rc8 13. cxd5 Nxd5 14. Bxe7 Qxe7
15. Nxd5 Bxd5 16. Ba6 Rc7 17. Ne5 Nb8 18. Bf1 Rfc8 19. b3 Qg5 20. Qg4 Qxg4 21.
hxg4 Rc2 22. Nd3 Nc6 23. Rec1 Nxd4 24. Rxc2 Rxc2 25. Nb4 Rc5 26. Rd1 Nc2 27.
Nd3 Ra5 28. Nc1 Nb4 29. a4 Rc5 30. Bb5 a5 31. Kh2 g5 32. f3 Rc2 33. Kg3 Rc3 34.
Ne2 Rxb3 35. Rc1 Rb2 36. Rc8+ Kg7 37. Rc7 1/2-1/2

[Event "18.int.Seniorenturnier Bad Woerishofen"]
[Site "Veranstalter: chessorg"]
[Date "2002.03.10"]
[Round "4"]
[White "Auf'm_Wasser, Guenter"]
[Black "Wolffram, Gert"]
[Result "1/2-1/2"]
[WhiteElo "1588"]
[BlackElo "1817"]
[PlyCount "58"]
[EventDate "2002.03.??"]

1. e4 c5 2. b4 b6 3. bxc5 bxc5 4. Nf3 e6 5. Bd3 Nf6 6. O-O Be7 7. Nc3 Ba6 8.
Bb2 Bxd3 9. cxd3 Nc6 10. a3 O-O 11. Re1 h6 12. Rb1 Rb8 13. Qa4 Qa5 14. d4 Qxa4
15. Nxa4 cxd4 16. e5 Nd5 17. Nxd4 Nxd4 18. Bxd4 Bxa3 19. Nc5 Nb6 20. Rxb6 axb6
21. Nxd7 Rb7 22. Nxf8 Bxf8 23. Rb1 b5 24. Kf1 Rd7 25. Be3 Rd5 26. f4 Bc5 27.
Ke2 g5 28. g3 Kg7 29. Kf3 Kg6 1/2-1/2

[Event "18.int.Seniorenturnier Bad Woerishofen"]
[Site "Veranstalter: chessorg"]
[Date "2002.03.10"]
[Round "4"]
[White "Barlo, Werner"]
[Black "Baur, Theo"]
[Result "1-0"]
[WhiteElo "1736"]
[BlackElo "1499"]
[PlyCount "71"]
[EventDate "2002.03.??"]

1. Nf3 g6 2. g3 Bg7 3. Bg2 Nf6 4. c4 c6 5. Nc3 d6 6. d4 d5 7. cxd5 Nxd5 8. O-O
Nxc3 9. bxc3 O-O 10. Ba3 Re8 11. Qb3 Qc7 12. Ng5 e6 13. Ne4 Rd8 14. Rad1 b5 15.
Nc5 Nd7 16. e4 a5 17. e5 Nxc5 18. Bxc5 Bf8 19. Bxf8 Kxf8 20. a4 Ba6 21. axb5
Rab8 22. Qa3+ Kg7 23. bxa6 Rb5 24. Rb1 Rdb8 25. Rxb5 Rxb5 26. a7 Qxa7 27. Bxc6
Rb6 28. Bg2 a4 29. Ra1 Ra6 30. Bf1 Ra5 31. Be2 Qb7 32. Qb4 Qa8 33. Ra3 Ra7 34.
Bf1 Qc6 35. Bg2 Qd7 36. h3 1-0

[Event "18.int.Seniorenturnier Bad Woerishofen"]
[Site "Veranstalter: chessorg"]
[Date "2002.03.10"]
[Round "4"]
[White "Block, Herbert"]
[Black "Kuhnert, Werner"]
[Result "1-0"]
[WhiteElo "1485"]
[BlackElo "1200"]
[PlyCount "83"]
[EventDate "2002.03.??"]

1. c4 e5 2. Nc3 c6 3. Nf3 d6 4. e4 Nf6 5. d3 Be7 6. Be2 Bg4 7. h3 Bd7 8. O-O c5
9. Nh2 O-O 10. f4 Nc6 11. f5 Nd4 12. Be3 Nxe2+ 13. Qxe2 Ne8 14. Nd5 Bg5 15. Ng4
Bxe3+ 16. Qxe3 f6 17. Qg3 Kh8 18. Rf3 Bc6 19. Nge3 b5 20. b3 Nc7 21. Qf2 Bxd5
22. cxd5 a5 23. Kh2 Qe7 24. g4 Ne8 25. Re1 Ra7 26. Rg3 Qd8 27. Qg2 Rc7 28. h4
Rcf7 29. Kh3 Rg8 30. g5 g6 31. Ng4 Rgf8 32. Nh6 Rg7 33. fxg6 Qe7 34. Nf5 Qd7
35. gxh7 Kxh7 36. Kh2 Rg6 37. Qe2 Ng7 38. Nxg7 Kxg7 39. h5 Rxg5 40. Rxg5+ fxg5
41. Qg2 Kf7 42. Qxg5 1-0

[Event "18.int.Seniorenturnier Bad Woerishofen"]
[Site "Veranstalter: chessorg"]
[Date "2002.03.10"]
[Round "4"]
[White "Brehme, Helmut"]
[Black "Liszka, Guenter"]
[Result "1/2-1/2"]
[WhiteElo "1597"]
[BlackElo "1792"]
[PlyCount "93"]
[EventDate "2002.03.??"]

1. e4 c5 2. Nf3 Nc6 3. d4 cxd4 4. Nxd4 Nf6 5. Nc3 d6 6. Bc4 e6 7. a3 Be7 8. h3
Bd7 9. O-O O-O 10. Be3 a6 11. Qd2 Qc7 12. Bd3 Ne5 13. Rac1 Rac8 14. Nde2 Nc4
15. Bxc4 Qxc4 16. f3 b5 17. Qd3 Qc7 18. Rfd1 Bc6 19. Bf4 Rfd8 20. Kh1 Ba8 21.
Qe3 Qc6 22. Qf2 Nh5 23. Be3 Nf6 24. Na2 d5 25. e5 Nd7 26. f4 Nc5 27. Nb4 Qb7
28. Nd4 Ne4 29. Qe1 Rc4 30. Nd3 Rdc8 31. c3 Bd8 32. Kh2 Bb6 33. g4 Qe7 34. h4
Bd8 35. g5 g6 36. Nf2 Nxf2 37. Qxf2 Ba5 38. Bd2 Qa7 39. Kg3 Bb6 40. Be3 Qb7 41.
Rh1 Qd7 42. h5 Bxd4 43. Bxd4 Qe8 44. hxg6 fxg6 45. Rh6 R8c7 46. Qc2 Qf7 47. Rf1
1/2-1/2

[Event "18.int.Seniorenturnier Bad Woerishofen"]
[Site "Veranstalter: chessorg"]
[Date "2002.03.10"]
[Round "4"]
[White "Disselberger, Alfons"]
[Black "Gruebling, Karl_Heinz"]
[Result "1/2-1/2"]
[WhiteElo "1391"]
[BlackElo "1572"]
[PlyCount "31"]
[EventDate "2002.03.??"]

1. e4 e6 2. d3 d5 3. Nd2 c5 4. Ngf3 Nc6 5. g3 Bd6 6. Bg2 Nge7 7. O-O O-O 8. Re1
Ng6 9. Nf1 d4 10. h4 h5 11. Bg5 Qb6 12. Bc1 Qa5 13. Bd2 Qb5 14. b3 e5 15. N3h2
f5 16. Qxh5 1/2-1/2

[Event "18.int.Seniorenturnier Bad Woerishofen"]
[Site "Veranstalter: chessorg"]
[Date "2002.03.10"]
[Round "4"]
[White "Dryzek, Tadeuz"]
[Black "Kahler, Kurt"]
[Result "1-0"]
[WhiteElo "2020"]
[BlackElo "1727"]
[PlyCount "57"]
[EventDate "2002.03.??"]

1. e4 c5 2. Nf3 Nc6 3. d4 cxd4 4. Nxd4 e5 5. Nb5 a6 6. Nd6+ Bxd6 7. Qxd6 Qf6 8.
Qd1 Qg6 9. Nc3 d5 10. Nxd5 Qxe4+ 11. Ne3 Qg6 12. Be2 Nf6 13. Qd6 Bd7 14. Bd2
Ne4 15. Qxg6 hxg6 16. Bc1 b5 17. O-O Be6 18. Bf3 f5 19. c3 Rd8 20. Bxe4 fxe4
21. Re1 Kf7 22. Nf1 Bf5 23. h3 Rd3 24. Ng3 Rhd8 25. Bg5 R8d7 26. Nxe4 Bxe4 27.
Rxe4 Rd1+ 28. Rxd1 Rxd1+ 29. Re1 1-0